Markets (Record no. 83365)
[ view plain ]
| 000 -LEADER | |
|---|---|
| fixed length control field | 01250cab a22002175a 4500 |
| 001 - CONTROL NUMBER | |
| control field | L153769 |
| 008 - FIXED-LENGTH DATA ELEMENTS--GENERAL INFORMATION | |
| fixed length control field | 110830e20110819xxk 000 0 eng d |
| 035 ## - SYSTEM CONTROL NUMBER | |
| System control number | (Sirsi) u153769 |
| 041 0# - LANGUAGE CODE | |
| Language code of text/sound track or separate title | eng |
| 100 1# - MAIN ENTRY--PERSONAL NAME | |
| Personal name | Hatcher, David |
| 245 00 - TITLE STATEMENT | |
| Title | Markets |
| Remainder of title | Scotland |
| 260 ## - PUBLICATION, DISTRIBUTION, ETC. | |
| Date of publication, distribution, etc. | 2011 |
| 490 #0 - SERIES STATEMENT | |
| Series statement | Property Week |
| Volume/sequential designation | 77(33) 19 August 2011, 35-42(6) |
| 520 ## - SUMMARY, ETC. | |
| Summary, etc. | Land Securities have signed up three retailers for its 185-221 Buchanan Street development. Only two offices schemes currently under construction in Edinburgh. Energy industry boost Aberdeen's office space requirement to 450 000 sq ft. Investors Manse and Resonance Capital are planning to expand their Scottish portfolios. Livingstone's Schuh Group footwear retailer seeks to double its 59 UK stores over the next few years. Sovereign and Area hope to attract restaurants and cafes to increase footfall at their Ayr Central shopping centre. Kirkwood Investments is due to buy a 91 acre site in Inverurie for International Paper in November. |
| 590 ## - LOCAL NOTE (RLIN) | |
| Local note | KA |
| 651 #4 - SUBJECT ADDED ENTRY--GEOGRAPHIC NAME | |
| Geographic name | Scotland |
| Chronological subdivision | 1999- |
| 690 ## - LOCAL SUBJECT ADDED ENTRY--TOPICAL TERM (OCLC, RLIN) | |
| Topical term or geographic name as entry element | PROPERTY-COMMERCIAL PROPERTY-COMMERCIAL PROPERTY MARKET |
| 690 ## - LOCAL SUBJECT ADDED ENTRY--TOPICAL TERM (OCLC, RLIN) | |
| Topical term or geographic name as entry element | PROPERTY-COMMERCIAL PROPERTY-COMMERCIAL PROPERTY FINANCE AND INVESTMENT |
| 700 1# - ADDED ENTRY--PERSONAL NAME | |
| Personal name | Smart, Michael |
| 942 ## - ADDED ENTRY ELEMENTS (KOHA) | |
| Suppress in OPAC | 0 |
| Withdrawn status | Lost status | Source of classification or shelving scheme | Damaged status | Not for loan | Home library | Current library | Shelving location | Date acquired | Total Checkouts | Full call number | Barcode | Date last seen | Copy number | Price effective from | Koha item type |
|---|---|---|---|---|---|---|---|---|---|---|---|---|---|---|---|
| Dewey Decimal Classification | London | London | Journal article | 30/08/2011 | L153769 | 153769-1001 | 06/08/2019 | 1 | 06/08/2019 | Journal article |